Culture générale ! Une image... Un des... (32) - Statistiques

Statistiques générales
  • Ce quiz a été pris 77 fois
  • Le résultat moyen est 9 sur 30
Statistiques - réponses
Par images Hint Réponse % Correct
marques de pneumatiques Michelin
84%
avions mythiques Concorde
78%
marques de luxe Louis Vuitton
72%
sports olympiques aviron
70%
métiers juridiques juge
64%
pratiques de courtoisie baisemain
59%
pays du monde Pérou
58%
crustacés crevette {grise}
55%
gares de Paris Montparnasse
55%
couteaux couteau {économe}
52%
drapeaux européens Serbie
48%
monuments de Paris Opéra Garnier
45%
académiciennes Marguerite Yourcenar
41%
pays d europe Vatican
28%
directrices du FMI Christine Lagarde
19%
races de chien terre-neuve
19%
chanteuses yéyés Petula Clark
17%
types de croix croix de {Malte}
16%
chateaux de la Loire Azay-le-Rideau
11%
films français célébrissimes Les visiteurs
11%
marteaux marteau de {vitrier}
9%
signes du zodiaque Poissons
9%
coiffes tiare
9%
champions de légende Emil {Zatopek}
5%
films de James Bond Rien que pour vos yeux
3%
constellations croix du sud
2%
capitales européennes de la culture Mons
2%
peintres britanniques William Turner
2%
pates alimentaires pipe
0%
batailles de l histoire de France Rocroi
0%
Aucun quiz correspondant
Distribution des résultats
% des personnes avec chaque résultat
Percentile par nombre de réponses
Votre historique - résultats
Vous n’avez pas pris ce quiz